Online
Catalog

Una mente inquieta : (Record no. 30043)

MARC details
000 -CABECERA
campo de control de longitud fija 00802nam a2200217 a 4500
001 - NÚMERO DE CONTROL
campo de control 000030551
005 - FECHA Y HORA DE LA ÚLTIMA TRANSACCIÓN
campo de control 20200930062356.0
008 - DATOS DE LONGITUD FIJA--INFORMACIÓN GENERAL
campo de control de longitud fija 110303 1996 sp 000 0 spa d
020 ## - NÚMERO INTERNACIONAL ESTÁNDAR DEL LIBRO
Número Internacional Estándar del Libro 8472239624
040 ## - FUENTE DE LA CATALOGACIÓN
Centro catalogador/agencia de origen DO-SdBNP
Lengua de catalogación spa
Centro/agencia transcriptor BNPHU
100 1# - ENTRADA PRINCIPAL--NOMBRE DE PERSONA
Nombre de persona Jamison, Kay Redfield
9 (RLIN) 57167
240 10 - TÍTULO UNIFORME
Título uniforme An unquiet mind. A memoir of moods and madness
Lenguaje de la obra Español
245 14 - MENCIÓN DE TÍTULO
Título Una mente inquieta :
Resto del título testimonio sobre afectos y locura /
Mención de responsabilidad, etc. Kay Redfield Jamison ; traducción Alfred A. Knopf.
260 ## - PUBLICACIÓN, DISTRIBUCIÓN, ETC.
Lugar de publicación, distribución, etc. Barcelona :
Nombre del editor, distribuidor, etc. TusQuets ,
Fecha de publicación, distribución, etc. 1996.
300 ## - DESCRIPCIÓN FÍSICA
Extensión 222 p. : ;
Dimensiones 21 cm.
490 1# - MENCIÓN DE SERIE
Mención de serie Colección andanzas
Designación de volumen o secuencia 267
500 ## - NOTA GENERAL
Nota general Traducido del idioma inglés
500 ## - NOTA GENERAL
Nota general Breve biografía de la autora en la solapa de la portada
700 1# - PUNTO DE ACCESO ADICIONAL--NOMBRE DE PERSONA
Nombre de persona Knopf, Alfred A.
Término indicativo de función/relación tr.
9 (RLIN) 11613
830 #0 - PUNTO DE ACCESO ADICIONAL DE SERIE-TÍTULO UNIFORME
Título uniforme Colección andanzas
Número de parte o sección de la obra 267
9 (RLIN) 57168
Holdings
Estado de retiro Estado de pérdida Restricciones de uso No para préstamo Código de colección Localización permanente Ubicación/localización actual Ubicación en estantería Fecha de adquisición Número de inventario Total de préstamos Signatura topográfica completa Código de barras Fecha visto por última vez Precio válido a partir de Tipo de ítem Koha
        Monografías: Libros y Folletos General General Orden iniciada 23.05.2011 LF1   30551-10 25.06.2020 25.06.2020 No se presta

Powered by Koha